000 00276nam a22001217a 4500
008 171208b xxu||||| |||| 00| 0 eng d
041 _aeng
080 _a82
100 _a27
101 _aGJL
245 _aSIEGFRIED AND THE TWILIGHT OF THE GODS
_cWAGNER, R
942 _2udc
_cBK
999 _c38831
_d38831